<?xml version="1.0" encoding="utf-8"?>
<?xml-stylesheet type='text/xsl' href='./oai2.xsl'?>
<OAI-PMH xmlns="http://www.openarchives.org/OAI/2.0/" xmlns:xsi="http://www.w3.org/2001/XMLSchema-instance" xsi:schemaLocation="http://www.openarchives.org/OAI/2.0/ http://www.openarchives.org/OAI/2.0/OAI-PMH.xsd">
  <responseDate>2026-06-02T15:45:44Z</responseDate>
  <request verb="GetRecord" metadataPrefix="marcxml" identifier="record_kuniweb_22019">https://kulturerbe.niedersachsen.de/oai</request>
  <GetRecord>
    <record>
      <header>
        <identifier>record_kuniweb_22019</identifier>
        <datestamp>2015-06-19T12:07:43Z</datestamp>
        <setSpec>slg0103</setSpec>
      </header>
      <metadata>
        <marc:record xmlns:marc="http://www.loc.gov/MARC21/slim" xsi:schemaLocation="http://www.loc.gov/MARC21/slim http://www.loc.gov/standards/marcxml/schema/MARC21slim.xsd">
          <marc:leader>12345nem  22     uu 4500</marc:leader>
          <marc:controlfield tag="001">22019</marc:controlfield>
          <marc:controlfield tag="003">http://kuniweb.gbv.de</marc:controlfield>
          <marc:controlfield tag="005">2015-04-15T12:09:49</marc:controlfield>
          <marc:controlfield tag="008">|           ||||||||||||||||||||||</marc:controlfield>
          <marc:datafield tag="245" ind1="1" ind2="0">
            <marc:subfield code="a">Saxonum regionis quatenus eius gentis imperium nomenque olim patebat, rescens germanaque delineatio</marc:subfield>
          </marc:datafield>
          <marc:datafield tag="700" ind1="1" ind2=" ">
            <marc:subfield code="a">Doetechum,</marc:subfield>
            <marc:subfield code="e">Kupferstecher</marc:subfield>
          </marc:datafield>
          <marc:datafield tag="700" ind1="1" ind2=" ">
            <marc:subfield code="a">Sgrooten</marc:subfield>
            <marc:subfield code="d">* 1525 † 1603</marc:subfield>
            <marc:subfield code="e">Vorbild / Ideengeber</marc:subfield>
          </marc:datafield>
          <marc:datafield tag="655" ind1=" " ind2="7">
            <marc:subfield code="a">Karten</marc:subfield>
          </marc:datafield>
          <marc:datafield tag="046" ind1=" " ind2=" ">
            <marc:subfield code="k">1578</marc:subfield>
            <marc:subfield code="k">Veröffentlichung 1578</marc:subfield>
          </marc:datafield>
          <marc:datafield tag="260" ind1=" " ind2=" ">
            <marc:subfield code="g">1578</marc:subfield>
            <marc:subfield code="g">Veröffentlichung 1578</marc:subfield>
          </marc:datafield>
          <marc:datafield tag="300" ind1=" " ind2=" ">
            <marc:subfield code="a">Höhe: 30,5 cm (einschließlich Titelleiste 33 cm)
Breite: 45,5 cm</marc:subfield>
          </marc:datafield>
          <marc:datafield tag="520" ind1=" " ind2=" ">
            <marc:subfield code="a">Maßstäbe (in cm): 15 kleine deutsche Meilen = 6,3 – 15 große deutsche Meilen = 9,2
Ausrichtung: Norden
Rückseite: vierspaltiger lateinischer Text mit fünfzeiliger Initiale und dekorativem Abschluß über das Sachsenland; Ordnungsmarkierung E

Anmerkungen: 
Die Karte enthält charakteristische Abweichungen von der Vorlage, neben dem eigenen Titel z. B. die Bezeichnung der Ostsee als Mare Saxonicum statt Mare Germanicum bei Sgrooten. – Laut Titel soll dieses Blatt als Geschichtskarte angesehen werden; sie ist allerdings zeitgenössisch ergänzt um Bezeichnungen wie „Saxonia Inferior“ und zum Beispiel das Lockfleth, eine Wasserstraße quer durch Butjadingen, die eine Sturmflut aufgerissen und damit Butjadingen und Stadland zu Inseln gemacht hatte. – Vgl. Karte Sachsen 02 b

Veröffentlicht in:
Atlas "Speculum Orbis Terrarum", Band 2 "Speculum Geographicum totius Germaniae imperium repraesentans", gedruckt von Gerard Smits, bei Gerard de Jode, Antwerpen 1578, Karte V

Veröffentlicht in:
G. de Jode und Skelton, R. A., „Speculum orbis terrarum. Theatrum orbis terrarum ; Ser. 2, 2“. Theatrum Orbis Terrarum, Amsterdam, 19651578. (Reproduktion)

Literatur in Zusammenhang:
C. Koeman und Krogt, P. C. J. van der, „Koeman's atlantes Neerlandici ; Vol. 3“. HES &amp;amp; de Graaf, 't Goy-Houten, 2003. (S. 744, 255 ff.)</marc:subfield>
          </marc:datafield>
          <marc:datafield tag="650" ind1="1" ind2=" ">
            <marc:subfield code="a">Landkarte</marc:subfield>
          </marc:datafield>
          <marc:datafield tag="773" ind1="0" ind2=" ">
            <marc:subfield code="t">Sammlung Körber-Einbeck</marc:subfield>
          </marc:datafield>
          <marc:datafield tag="852" ind1=" " ind2=" ">
            <marc:subfield code="a">Institut für Historische Landesforschung der Universität Göttingen</marc:subfield>
          </marc:datafield>
          <marc:datafield tag="" ind1=" " ind2=" ">
            <marc:subfield code="a">Namensnennung-Nicht kommerziell 4.0 International (CC BY-NC 4.0))</marc:subfield>
          </marc:datafield>
        </marc:record>
      </metadata>
    </record>
  </GetRecord>
</OAI-PMH>
